[Event "Ì13Ï"]
[Site "Loo"]
[Date "2017.04.27"]
[Round "8.66"]
[White "Áðèëèàíòîâ, Àëåêñàíäð."]
[Black "Ãîðáóíîâ, Âëàäèñëàâ."]
[Result "1-0"]
[WhiteElo "1189"]
[BlackElo "1282"]
[PlyCount "89"]
[EventDate "2017.04.20"]

1. d4 Nf6 2. Bf4 d5 3. Nf3 c6 4. e3 Bf5 5. Bd3 Bxd3 6. Qxd3 e6 7. h3 Qb6 8. Qb3
Nbd7 9. Qxb6 Nxb6 10. c3 Nc4 11. O-O Nxb2 12. Nbd2 Na4 13. c4 Nc3 14. Rfe1 Nce4
15. cxd5 exd5 16. Rab1 b6 17. Rec1 Rc8 18. Rc2 Be7 19. Nxe4 Nxe4 20. Ne5 c5 21.
f3 Nf6 22. dxc5 bxc5 23. Rb7 Ra8 24. Nc6 Bd8 25. Rxc5 Bb6 26. Rb5 O-O 27. Ne7+
Kh8 28. Nxd5 Nxd5 29. Rxd5 Rae8 30. Rd3 h6 31. Kf1 g5 32. Bd6 Rg8 33. e4 Rd8
34. Be5+ Kh7 35. Rxf7+ Kg6 36. Rf6+ Kh7 37. Rxd8 Rxd8 38. Rf7+ Kg6 39. Rg7+ Kh5
40. g4+ Kh4 41. Rh7 Rd1+ 42. Ke2 Rd2+ 43. Kxd2 Kxh3 44. Rxh6+ Kg2 45. Ke2 1-0

[Event "Ì13Â"]
[Site "Loo"]
[Date "2017.04.27"]
[Round "8.1"]
[White "Öâåòêîâ, Àíäðåé."]
[Black "Õàðèòîíîâ, Åãîð."]
[Result "1/2-1/2"]
[WhiteElo "2066"]
[BlackElo "1850"]
[PlyCount "80"]
[EventDate "2017.04.20"]

1. Nf3 d5 2. g3 e6 3. Bg2 Nf6 4. O-O b5 5. b3 Be7 6. c4 a6 7. d4 c5 8. cxd5
Nxd5 9. Bb2 O-O 10. dxc5 Bxc5 11. Qc2 Be7 12. Rd1 Bb7 13. Nbd2 Nd7 14. Rac1 Rc8
15. Qb1 Bf6 16. Rxc8 Qxc8 17. Rc1 Qb8 18. Bxf6 N5xf6 19. Nf1 Rc8 20. Ne3 h6 21.
Nd4 Bxg2 22. Kxg2 Qb7+ 23. f3 Rc7 24. Rxc7 Qxc7 25. Qd3 Qc5 26. Nec2 Ne5 27.
Qd2 Nd5 28. e4 Qc3 29. Qxc3 Nxc3 30. Nb4 a5 31. Nbc6 Nxc6 32. Nxc6 a4 33. bxa4
bxa4 34. Nb4 Kf8 35. Kf2 Ke7 36. Ke3 Kd6 37. Kd4 Nb5+ 38. Kc4 Na3+ 39. Kd4 Nb5+
40. Kc4 Na3+ 1/2-1/2

[Event "Ì13Â"]
[Site "Loo"]
[Date "2017.04.27"]
[Round "8.2"]
[White "Ìàêîâååâ, Èëüÿ."]
[Black "Ñòóêàí, Ìàðòèí."]
[Result "1-0"]
[WhiteElo "2246"]
[BlackElo "1971"]
[PlyCount "77"]
[EventDate "2017.04.20"]

1. d4 Nf6 2. Nf3 g6 3. Bf4 Bg7 4. e3 c5 5. Be2 O-O 6. O-O d6 7. h3 Qb6 8. Nbd2
Be6 9. c4 Rc8 10. b3 Bd7 11. Rc1 a5 12. d5 a4 13. e4 Na6 14. e5 dxe5 15. Bxe5
Nb4 16. a3 Na6 17. Rb1 Bf5 18. Rb2 Ra7 19. bxa4 Qd8 20. Qb3 Nb8 21. Bc3 Ne8 22.
Ne5 f6 23. Nd3 Nd6 24. a5 e5 25. dxe6 Bxe6 26. Qb6 Qxb6 27. Rxb6 Ra6 28. Nf4
Rxb6 29. axb6 Bf7 30. Bf3 f5 31. Bxg7 Kxg7 32. Bd5 Nd7 33. Rb1 Ne5 34. Re1 Re8
35. a4 g5 36. Ne6+ Bxe6 37. Rxe5 Bc8 38. Rxe8 Nxe8 39. Nb3 1-0

[Event "Ì13Â"]
[Site "Loo"]
[Date "2017.04.27"]
[Round "8.3"]
[White "Òàðàñîâ, Äàíèëà."]
[Black "Åðàñòîâ, Ñåìåí."]
[Result "1/2-1/2"]
[WhiteElo "1768"]
[BlackElo "1838"]
[PlyCount "147"]
[EventDate "2017.04.20"]

1. e4 e6 2. d4 d5 3. Nc3 Bb4 4. e5 c5 5. Nf3 Nc6 6. Bb5 Nge7 7. O-O cxd4 8.
Nxd4 Bxc3 9. bxc3 Bd7 10. Re1 O-O 11. Nxc6 Bxc6 12. Bd3 Ng6 13. Ba3 Re8 14. Qg4
Rc8 15. Rad1 Qa5 16. Bb4 Qa4 17. Qd4 Bb5 18. Bc5 Qa5 19. Bb4 Qa6 20. h4 Bxd3
21. cxd3 Qa4 22. g3 Ne7 23. Bxe7 Qxd4 24. cxd4 Rxe7 25. Rb1 Rec7 26. Rb2 g6 27.
Kg2 b6 28. Kf3 Rc3 29. Ke3 Kf8 30. Rd1 Ke7 31. Rdb1 Rc2 32. a4 Kd7 33. Kf4 R8c3
34. Kg5 Rxb2 35. Rxb2 Rxd3 36. Kh6 Rxd4 37. Kxh7 Rxa4 38. Kg7 Ke7 39. Rb3 d4
40. Rf3 Ke8 41. Rd3 Ra5 42. f4 Ra1 43. Rxd4 Ra3 44. Rc4 Rxg3 45. Rc8+ Kd7 46.
Ra8 a5 47. Kxf7 Rg4 48. Ra7+ Kc6 49. Kxe6 Rxf4 50. Rg7 Rxh4 51. Rxg6 a4 52. Kf6
Kc5 53. e6 Rh8 54. e7 Re8 55. Ke6 b5 56. Kd7 Rxe7+ 57. Kxe7 a3 58. Rg5+ Kc4 59.
Rg4+ Kb3 60. Rg3+ Kb4 61. Rg4+ Kc5 62. Rg5+ Kb6 63. Rg6+ Ka7 64. Rg2 b4 65. Ra2
Kb6 66. Kd6 Kb5 67. Kd5 Ka4 68. Kc4 b3 69. Rf2 b2 70. Rf8 Ka5 71. Ra8+ Kb6 72.
Rxa3 b1=Q 73. Rb3+ Qxb3+ 74. Kxb3 1/2-1/2

[Event "Ì13Â"]
[Site "Loo"]
[Date "2017.04.27"]
[Round "8.4"]
[White "Ïóòðåíêî, Êèðèëë."]
[Black "Ãðà÷åâ, Àëåêñåé."]
[Result "0-1"]
[WhiteElo "1872"]
[BlackElo "2147"]
[PlyCount "80"]
[EventDate "2017.04.20"]

1. Nf3 Nf6 2. b3 c5 3. Bb2 g6 4. g3 Bg7 5. Bg2 O-O 6. O-O d5 7. d3 Nc6 8. Nbd2
Qc7 9. Re1 e5 10. e4 d4 11. a4 Be6 12. Ba3 b6 13. Rf1 Bg4 14. h3 Bxf3 15. Qxf3
Nd7 16. Qe2 Rae8 17. Rae1 Nb4 18. Nc4 a6 19. Bxb4 cxb4 20. Qd2 b5 21. Nb2 Qc3
22. Qc1 Qc5 23. f4 Bh6 24. Qb1 f5 25. exf5 gxf5 26. fxe5 Be3+ 27. Kh2 Qxe5 28.
Nd1 f4 29. Nxe3 fxe3 30. Rxf8+ Rxf8 31. axb5 axb5 32. Qd1 Nf6 33. Qe2 Nh5 34.
Qg4+ Kh8 35. Ra1 Rg8 36. Ra8 Rxa8 37. Bxa8 e2 38. Qc8+ Kg7 39. Qg4+ Kh6 40. Qd7
Qxg3+ 0-1

[Event "Ì13Â"]
[Site "Loo"]
[Date "2017.04.27"]
[Round "8.5"]
[White "Ïîíîìàðåâ, Ãðèãîðèé."]
[Black "×óãóíîâ, Âàäèì."]
[Result "1-0"]
[WhiteElo "2088"]
[BlackElo "1816"]
[PlyCount "50"]
[EventDate "2017.04.20"]

1. e4 e5 2. Nf3 Nc6 3. Bc4 Nf6 4. d3 Bc5 5. O-O d6 6. c3 a6 7. Bb3 Ba7 8. Nbd2
h6 9. Re1 O-O 10. Nf1 Ne7 11. Ng3 Ng6 12. h3 Re8 13. d4 Be6 14. Bc2 c5 15. Be3
exd4 16. cxd4 b5 17. Qd2 Bb6 18. a3 c4 19. Red1 Rc8 20. Bxh6 gxh6 21. Qxh6 Qe7
22. e5 dxe5 23. dxe5 Nh7 24. Bxg6 fxg6 25. Qxg6+ Kh8 {
äàëåå çàïèñü íåðàçáîð~~èâà} 1-0

[Event "Ì13Â"]
[Site "Loo"]
[Date "2017.04.27"]
[Round "8.6"]
[White "Ìåðö, Äìèòðèé."]
[Black "Ïîçíÿê, Íàçàð."]
[Result "0-1"]
[WhiteElo "1744"]
[BlackElo "2069"]
[PlyCount "152"]
[EventDate "2017.04.20"]

1. e4 e6 2. d4 d5 3. Nd2 Nf6 4. Bd3 c5 5. c3 Nc6 6. Ngf3 Qb6 7. O-O cxd4 8.
cxd4 dxe4 9. Nxe4 Be7 10. b3 O-O 11. Bb2 Bd7 12. Ne5 Rfd8 13. Nxf6+ Bxf6 14.
Bxh7+ Kf8 15. Be4 g6 16. Qf3 Kg7 17. Rad1 Nxe5 18. dxe5 Be7 19. Bxb7 Rab8 20.
Be4 a5 21. Rd6 Qb4 22. Bc3 Qa3 23. Rfd1 Be8 24. Bb1 a4 25. Rxd8 Bxd8 26. bxa4
Bxa4 27. Re1 Rc8 28. Bd4 Qb4 29. Qe3 Bg5 30. f4 Bxf4 31. Qf2 Bg5 32. Be4 Rc4
33. a3 Qxa3 34. Bb2 Qb4 35. Bd3 Rf4 36. Qe2 Qc5+ 37. Kh1 Rf2 38. Qg4 Rxb2 39.
Qxg5 Bc6 40. Qf6+ Kg8 41. Qd8+ Qf8 42. Qxf8+ Kxf8 43. Re2 Rb3 44. Bc2 Rc3 45.
h3 Rxh3+ 46. Kg1 Rg3 47. Be4 Bb5 48. Rb2 Bc4 49. Bf3 Rg5 50. Rd2 Bd5 51. Bxd5
exd5 52. Re2 Ke7 53. Kf2 Ke6 54. Kf3 Rf5+ 55. Kg3 Rxe5 56. Rd2 Re4 57. Kf3 Ke5
58. g3 g5 59. Ra2 f6 60. Ra8 g4+ 61. Kf2 Rb4 62. Re8+ Kf5 63. Rd8 Rb2+ 64. Kf1
Ke4 65. Rf8 f5 66. Rf7 d4 67. Rf8 Rb3 68. Kf2 Rf3+ 69. Kg2 d3 70. Re8+ Kd4 71.
Rd8+ Ke3 72. Re8+ Kd2 73. Re5 Kd1 74. Re8 d2 75. Ra8 Ke2 76. Ra2 Ke1 0-1

[Event "Ì13Â"]
[Site "Loo"]
[Date "2017.04.27"]
[Round "8.7"]
[White "Ìèøóðèñ, Ìàòâåé."]
[Black "Òðîôèìîâ, Ïàâåë."]
[Result "1-0"]
[WhiteElo "1810"]
[BlackElo "1933"]
[PlyCount "115"]
[EventDate "2017.04.20"]

1. d4 d5 2. Nf3 Nf6 3. c4 c6 4. Qc2 e6 5. g3 Be7 6. Bg2 O-O 7. O-O Nbd7 8. Nbd2
b6 9. e4 Nxe4 10. Nxe4 dxe4 11. Qxe4 Bb7 12. Bf4 Nf6 13. Qc2 c5 14. Rad1 Qc8
15. dxc5 Bxc5 16. Bd6 Bxd6 17. Rxd6 Qc5 18. Rfd1 Rac8 19. b3 b5 20. R6d4 Rfe8
21. Qb2 e5 22. Rd6 e4 23. Ne1 Ba8 24. b4 Qh5 25. c5 Ng4 26. h3 Ne5 27. Qd4 e3
28. g4 Qh4 29. fxe3 Bxg2 30. Kxg2 Nc4 31. Nf3 Qe7 32. e4 Nxd6 33. cxd6 Rc2+ 34.
Kg3 Qe6 35. d7 Rd8 36. Qxa7 h6 37. Qb7 Rc4 38. Qxb5 Rxe4 39. a4 Re3 40. Rd4 g5
41. Rd5 Qf6 42. Rf5 Qd6+ 43. Kg2 Rxd7 44. Rxg5+ Kf8 45. Rf5 Rde7 46. Kf2 Qd1
47. Qb8+ Kg7 48. Qb6 Qe2+ 49. Kg1 Qd1+ 50. Kf2 Qc2+ 51. Kg3 R3e6 52. Qd4+ Kg8
53. a5 Qc7+ 54. Kh4 Re4 55. Qf6 Qc1 56. Rc5 Qe3 57. Ng5 Qe1+ 58. Kh5 1-0

[Event "Ì13Â"]
[Site "Loo"]
[Date "2017.04.27"]
[Round "8.8"]
[White "Ìî÷àëèí, Ôàääåé."]
[Black "Ãðåáíåâ, Àëåêñåé."]
[Result "1-0"]
[WhiteElo "1925"]
[BlackElo "1874"]
[PlyCount "105"]
[EventDate "2017.04.20"]

1. d4 Nf6 2. c4 g6 3. Nc3 d6 4. Nf3 Bg7 5. Bf4 O-O 6. e3 Nbd7 7. h3 c5 8. Be2
Qa5 9. O-O Rd8 10. Qc2 Nf8 11. Bh2 Bd7 12. a3 Rac8 13. b4 Qa6 14. Rfd1 b6 15.
dxc5 bxc5 16. b5 Qb7 17. Nd2 Ne6 18. Nf3 h6 19. Ra2 Nf8 20. a4 Bf5 21. Qb3 Ne4
22. Nxe4 Bxe4 23. Ne1 g5 24. a5 Ne6 25. Bd3 Bxd3 26. Qxd3 d5 27. Rb1 dxc4 28.
Qxc4 Rd7 29. Rc2 Rcd8 30. Bg3 Rd1 31. Rxd1 Rxd1 32. f3 Rb1 33. b6 Ra1 34. Ra2
Rxa2 35. Qxa2 axb6 36. a6 Qa7 37. Qa4 Nf8 38. Nc2 e5 39. Na3 Ne6 40. Nb5 Qa8
41. a7 Bf6 42. Qe4 Nc7 43. Bxe5 Bxe5 44. Nxc7 Bh2+ 45. Kxh2 Qxa7 46. Qe8+ Kg7
47. Qe5+ Kg8 48. Nd5 b5 49. Ne7+ Kh7 50. Nf5 Kg6 51. e4 f6 52. Qe8+ Kh7 53. Ne7
1-0

[Event "Ì13Â"]
[Site "Loo"]
[Date "2017.04.27"]
[Round "8.9"]
[White "Êèðèëëîâ, Äìèòðèé."]
[Black "Ïëÿñóíîâ, Äàíèèë."]
[Result "1-0"]
[WhiteElo "2099"]
[BlackElo "1868"]
[PlyCount "83"]
[EventDate "2017.04.20"]

1. e4 c5 2. Nf3 a6 3. c3 d5 4. exd5 Qxd5 5. d4 Bg4 6. Be2 e6 7. O-O Nf6 8. Be3
cxd4 9. cxd4 Nc6 10. Nc3 Qa5 11. Qb3 Qc7 12. h3 Bf5 13. d5 exd5 14. Nxd5 Nxd5
15. Qxd5 Be6 16. Qe4 Be7 17. Rac1 O-O 18. Nd4 Qd7 19. Nxe6 Qxe6 20. Qxe6 fxe6
21. Bc4 Kf7 22. f4 Na5 23. Be2 Rac8 24. g4 g6 25. Kg2 Bf6 26. b3 Nc6 27. Rfd1
Rfd8 28. Bb6 Rxd1 29. Rxd1 Nb4 30. Rd7+ Ke8 31. Rxb7 Nd5 32. Bxa6 Rc2+ 33. Kf3
Rxa2 34. Bb5+ Kf8 35. Bc5+ Kg8 36. f5 Rh2 37. fxe6 Rxh3+ 38. Ke2 Nc3+ 39. Kf1
Nd5 40. Rb8+ Kg7 41. Bf8+ Kg8 42. Bh6+ 1-0

[Event "Ì13Â"]
[Site "Loo"]
[Date "2017.04.27"]
[Round "8.10"]
[White "×óìàåâñêèé, Àðñåíèé."]
[Black "Êàòàåâ, Àëåêñàíäð."]
[Result "0-1"]
[WhiteElo "1595"]
[BlackElo "1995"]
[PlyCount "74"]
[EventDate "2017.04.20"]

1. e4 c5 2. Nf3 Nc6 3. d4 cxd4 4. Nxd4 e5 5. Nb5 d6 6. a4 a6 7. N5c3 Be6 8. Na3
Nf6 9. Bc4 Be7 10. Bg5 O-O 11. Bxf6 Bxf6 12. Nd5 Rc8 13. O-O Be7 14. c3 Re8 15.
Qd3 Bf8 16. Rfd1 Nb8 17. b4 Nd7 18. Rac1 Kh8 19. Ba2 g6 20. Nc4 f5 21. Nde3 Nf6
22. exf5 gxf5 23. Rc2 f4 24. Nf1 Qc7 25. Nxd6 Red8 26. Bxe6 Rxd6 27. Qf5 Rxd1
28. Qxf6+ Bg7 29. Qf5 Rcd8 30. Qe4 Qd6 31. Bc4 Qb6 32. g3 Rf8 33. Rd2 Rxd2 34.
Nxd2 fxg3 35. Nf1 Qxf2+ 36. Kh1 Rf4 37. Qd5 Rxc4 0-1

[Event "Ì13Â"]
[Site "Loo"]
[Date "2017.04.27"]
[Round "8.11"]
[White "Áàëàøîâ, Àðñåíèé."]
[Black "Êóëèê, Àðòóð."]
[Result "1-0"]
[WhiteElo "1769"]
[BlackElo "1918"]
[PlyCount "120"]
[EventDate "2017.04.20"]

1. e4 c5 2. Nf3 g6 3. d4 cxd4 4. Nxd4 Bg7 5. c4 Nc6 6. Nc2 Nf6 7. Nc3 d6 8. Be2
O-O 9. O-O Nd7 10. Be3 a5 11. Qc1 Nc5 12. Bh6 Ne5 13. Bxg7 Kxg7 14. b3 f5 15.
exf5 Bxf5 16. Nd4 e6 17. Qd2 Kg8 18. Rad1 Ra6 19. f3 Qf6 20. Qe3 g5 21. Ndb5
Rd8 22. Nxd6 Raxd6 23. Qxc5 Nd3 24. Bxd3 b6 25. Qf2 Qxc3 26. Be2 Rxd1 27. Rxd1
Rxd1+ 28. Bxd1 Qa1 29. Qd2 Qe5 30. Qxg5+ Kf7 31. Qd2 Qc5+ 32. Kh1 Qc7 33. g4
Bg6 34. Bc2 Qc6 35. Qf4+ Kg7 36. Bxg6 hxg6 37. Kg2 Qc5 38. Qd2 Qc7 39. g5 e5
40. Qd5 Qe7 41. h4 Kh7 42. Qc6 Qa7 43. Qd6 a4 44. b4 Qf7 45. Qd3 Qf4 46. Kh3
Qc1 47. Qd7+ Kh8 48. Qe8+ Kh7 49. Qe7+ Kg8 50. Qe8+ Kh7 51. Qf7+ Kh8 52. Qf8+
Kh7 53. Qh6+ Kg8 54. Qxg6+ Kh8 55. Qe8+ Kh7 56. g6+ Kh6 57. Qh8+ Kxg6 58. Qg8+
Kf6 59. Qg5+ Qxg5 60. hxg5+ Kxg5 1-0

[Event "Ì13Â"]
[Site "Loo"]
[Date "2017.04.27"]
[Round "8.12"]
[White "Ëüâîâ, Íèêèòà."]
[Black "Æóêîâ, Ìàêñèì."]
[Result "0-1"]
[WhiteElo "1879"]
[BlackElo "1850"]
[PlyCount "108"]
[EventDate "2017.04.20"]

1. d4 Nf6 2. Nf3 g6 3. c4 Bg7 4. g3 O-O 5. Bg2 d5 6. cxd5 Nxd5 7. O-O Nb6 8.
Nc3 Nc6 9. d5 Na5 10. Qc2 Nac4 11. Rd1 Bg4 12. b3 Nd6 13. Nd4 Bf5 14. e4 Bg4
15. f3 Bd7 16. f4 Qc8 17. Ba3 Re8 18. Rac1 Qd8 19. Qf2 a6 20. h3 h5 21. Kh2 a5
22. Bf1 a4 23. Bc5 axb3 24. Bxb6 cxb6 25. axb3 Rc8 26. Bd3 Bxd4 27. Qxd4 b5 28.
e5 Nf5 29. Bxf5 Bxf5 30. Nxb5 Qd7 31. Qb4 Bxh3 32. d6 Bg4 33. Re1 exd6 34. Nxd6
Rxc1 35. Rxc1 Ra8 36. Qxb7 Ra2+ 37. Kg1 Qxb7 38. Nxb7 Bf3 39. Nd6 Rg2+ 40. Kf1
Rxg3 41. Kf2 h4 42. Rc8+ Kh7 43. Ne8 g5 44. Nf6+ Kg6 45. Rg8+ Kf5 46. Nh7 g4
47. Rg7 Kxf4 48. Rxf7+ Kxe5 49. Ng5 Bd5 50. Rf8 Rxb3 51. Nh7 g3+ 52. Ke2 g2 53.
Re8+ Kf4 54. Nf6 g1=Q 0-1

[Event "Ì13Â"]
[Site "Loo"]
[Date "2017.04.27"]
[Round "8.13"]
[White "Êóçüìèí, Ðîìàí."]
[Black "Áîáûëåâ, Íèêèòà."]
[Result "1-0"]
[WhiteElo "1806"]
[BlackElo "1640"]
[PlyCount "91"]
[EventDate "2017.04.20"]

1. e4 e5 2. Nf3 Nc6 3. d4 exd4 4. Bc4 Nf6 5. e5 d5 6. Bb5 Ne4 7. Nxd4 Bc5 8.
Be3 O-O 9. Nxc6 bxc6 10. Bxc5 Nxc5 11. Bxc6 Rb8 12. Qxd5 Qxd5 13. Bxd5 Rxb2 14.
O-O Rxc2 15. Na3 Rd2 16. Rfd1 Rxd1+ 17. Rxd1 Be6 18. Nb5 c6 19. Bxc6 Bxa2 20.
Nxa7 g6 21. Bd5 Bxd5 22. Rxd5 Ra8 23. Rxc5 Rxa7 24. g3 Kg7 25. Kg2 f6 26. exf6+
Kxf6 27. f4 Ra3 28. Kh3 Ra2 29. g4 Ra7 30. Rc6+ Kg7 31. Kh4 Rf7 32. Kg3 Rf6 33.
Rxf6 Kxf6 34. Kf3 Ke6 35. Ke4 Kf6 36. Kd5 h6 37. Kd6 h5 38. h3 h4 39. Kd5 Kf7
40. Ke5 Ke7 41. g5 Kf7 42. Kd6 Kg7 43. Ke7 Kh8 44. Kf8 Kh7 45. Kf7 Kh8 46. f5
1-0

[Event "Ì13Â"]
[Site "Loo"]
[Date "2017.04.27"]
[Round "8.15"]
[White "Åðìîëàåâ, Èâàí."]
[Black "Åôðåìîâ, Âëàäèñëàâ."]
[Result "1-0"]
[WhiteElo "1804"]
[BlackElo "1879"]
[PlyCount "81"]
[EventDate "2017.04.20"]

1. e4 c6 2. d4 d5 3. exd5 cxd5 4. c4 e6 5. Nf3 Nf6 6. Nc3 Be7 7. cxd5 Nxd5 8.
Bd3 O-O 9. O-O Nc6 10. Re1 Ncb4 11. Bb1 Nf6 12. a3 Nbd5 13. Qd3 g6 14. Bg5 b6
15. Ne5 Bb7 16. Qh3 Re8 17. Bd3 Nh5 18. Nxf7 Kxf7 19. Qxe6+ Kg7 20. Bb5 Bxg5
21. Bxe8 Qxe8 22. Qxe8 Rxe8 23. Rxe8 Ne7 24. Re1 Kf7 25. Rb8 Bc6 26. g3 Nf6 27.
f4 Nd7 28. Rh8 Bf6 29. Rxh7+ Kf8 30. Rexe7 Bxe7 31. d5 Bc5+ 32. Kf1 Bb7 33.
Rxd7 Ba6+ 34. Ke1 b5 35. Rc7 Bb6 36. Rc6 Bb7 37. Rxg6 Ke8 38. Nxb5 Bxd5 39.
Rxb6 axb6 40. Nc7+ Kd8 41. Nxd5 1-0

[Event "Ì13Â"]
[Site "Loo"]
[Date "2017.04.27"]
[Round "8.16"]
[White "Ãðåõîâ, Ëóêà."]
[Black "Æóêîâ, Èâàí."]
[Result "0-1"]
[WhiteElo "1756"]
[BlackElo "1814"]
[PlyCount "68"]
[EventDate "2017.04.20"]

1. e4 d6 2. d4 Nf6 3. Nc3 e5 4. dxe5 dxe5 5. Qxd8+ Kxd8 6. Nf3 Bd6 7. Bc4 Be6
8. Bxe6 fxe6 9. O-O a6 10. Be3 Ke7 11. Rfe1 Nbd7 12. Rad1 b5 13. Nd2 Bb4 14. f3
h6 15. Ne2 Rhd8 16. c3 Bc5 17. Bxc5+ Nxc5 18. Nc1 Na4 19. Ncb3 Nxb2 20. Rb1 Na4
21. Rbc1 c5 22. c4 Rac8 23. Nf1 Nd7 24. Ne3 Ndb6 25. Na5 h5 26. Red1 Rd4 27.
Rc2 bxc4 28. Naxc4 Nxc4 29. Rxc4 Nb2 30. Rdxd4 exd4 31. Rc2 Rb8 32. Nf1 c4 33.
Nd2 c3 34. Nf1 Rc8 0-1

[Event "Ì13Â"]
[Site "Loo"]
[Date "2017.04.27"]
[Round "8.17"]
[White "Ìàõëèí, Ìèðîí."]
[Black "Áåëîøàïêî, Ìàòâåé."]
[Result "1/2-1/2"]
[WhiteElo "1832"]
[BlackElo "1750"]
[PlyCount "126"]
[EventDate "2017.04.20"]

1. d4 Nf6 2. Nf3 g6 3. c4 Bg7 4. g3 O-O 5. Bg2 d6 6. O-O Nbd7 7. Nc3 e5 8. h3
c6 9. e4 Qc7 10. Be3 Rd8 11. Qc2 a5 12. Rfd1 b6 13. Rd2 Ba6 14. b3 b5 15. c5
dxc5 16. dxc5 Ne8 17. Rad1 Nf8 18. a3 Rxd2 19. Bxd2 Rd8 20. b4 axb4 21. axb4
Ne6 22. Ne2 Rd7 23. Ng5 Nxg5 24. Bxg5 Bc8 25. Rxd7 Qxd7 26. Qd2 Qxd2 27. Bxd2
f6 28. f4 Kf7 29. g4 Bh6 30. Kf2 Nc7 31. g5 fxg5 32. fxe5 Ne6 33. h4 Bg7 34.
hxg5 Bxe5 35. Be3 Bd7 36. Ke1 Nc7 37. Bf4 Bxf4 38. Nxf4 Na6 39. Nd3 Kg7 40. Kd2
h6 41. gxh6+ Kxh6 42. e5 Nc7 43. Ke3 g5 44. e6 Bxe6 45. Bxc6 Kg7 46. Kd4 Kf6
47. Nf2 Ke7 48. Ne4 Bd7 49. Bxd7 Kxd7 50. Nxg5 Na6 51. Kc3 Kc6 52. Ne6 Kd5 53.
Nf4+ Kc6 54. Nd3 Kd5 55. Nf4+ Kc6 56. Ne6 Kd5 57. Nd4 Nc7 58. Nb3 Na6 59. Nd4
Nc7 60. Nf5 Ke6 61. Ne3 Na6 62. Kb3 Ke5 63. Nc4+ Kd4 1/2-1/2

[Event "Ì13Â"]
[Site "Loo"]
[Date "2017.04.27"]
[Round "8.18"]
[White "Êîë÷èí, Ìàêñèì."]
[Black "Êóíäÿíîê, Âëàäèñëàâ."]
[Result "0-1"]
[WhiteElo "1713"]
[BlackElo "1810"]
[PlyCount "174"]
[EventDate "2017.04.20"]

1. e4 c5 2. Nf3 d6 3. d4 cxd4 4. Nxd4 Nf6 5. Nc3 a6 6. f3 e5 7. Nb3 Be6 8. Be3
Be7 9. Qd2 Nbd7 10. O-O-O b5 11. g4 Nb6 12. Na5 Nc8 13. Nc6 Qc7 14. Nxe7 Kxe7
15. h4 Nb6 16. h5 b4 17. Nb1 Rhc8 18. g5 Ne8 19. Rh2 a5 20. f4 Bxa2 21. fxe5
dxe5 22. Bxb6 Qxb6 23. Qd7+ Kf8 24. g6 h6 25. Bd3 Nf6 26. Qh3 a4 27. Rg2 Bxb1
28. Rf1 Bxc2 29. Bxc2 b3 30. gxf7 Rxc2+ 31. Kb1 Qd4 32. Rxc2 bxc2+ 33. Kxc2 Rb8
34. Qa3+ Kxf7 35. Kb1 Qxe4+ 36. Ka1 Qc2 37. Qa2+ Rb3 38. Qxb3+ axb3 39. Rxf6+
Ke7 40. Re6+ Kd7 41. Rd6+ Kc7 42. Rd7+ Kc6 43. Rd6+ Kb7 44. Rb6+ Kc7 45. Rb7+
Kd6 46. Rd7+ Ke6 47. Re7+ Kf6 48. Rf7+ Ke6 49. Re7+ Kd5 50. Rxe5+ Kc6 51. Re6+
Kc7 52. Re7+ Kd6 53. Rd7+ Kc5 54. Rd5+ Kc4 55. Rd4+ Kb5 56. Rb4+ Kc5 57. Rb5+
Kd4 58. Rd5+ Ke3 59. Rd3+ Kf2 60. Rf3+ Kg1 61. Rf1+ Kh2 62. Rh1+ Kg3 63. Rh3+
Kg4 64. Rg3+ Kh4 65. Rg4+ Kh3 66. Rg3+ Kh2 67. Rh3+ Kg1 68. Rh1+ Kg2 69. Rg1+
Kf3 70. Rg3+ Kf4 71. Rf3+ Ke5 72. Rf5+ Kd6 73. Rd5+ Kc7 74. Rd7+ Kb8 75. Rb7+
Kc8 76. Rb8+ Kd7 77. Rd8+ Ke6 78. Re8+ Kd6 79. Re6+ Kc5 80. Re5+ Kd4 81. Re4+
Kd3 82. Re3+ Kd2 83. Re2+ Kc1 84. Re1+ Qd1 85. Re2 g6 86. Rg2 Qd4 87. Rxg6 Qa4#
0-1

[Event "Ì13Â"]
[Site "Loo"]
[Date "2017.04.27"]
[Round "8.19"]
[White "Àòîâìÿí, Àðò¸ì."]
[Black "Ïîñòàíîãîâ, Äìèòðèé."]
[Result "1-0"]
[WhiteElo "1638"]
[BlackElo "1801"]
[PlyCount "75"]
[EventDate "2017.04.20"]

1. e4 d6 2. d4 Nf6 3. Nc3 e5 4. dxe5 dxe5 5. Qxd8+ Kxd8 6. Nf3 Bd6 7. Bg5 c6 8.
O-O-O Ke7 9. Bc4 Be6 10. Bxe6 fxe6 11. Rd2 Rd8 12. Rhd1 Na6 13. Bh4 Bc7 14. Ne1
h6 15. Nd3 g5 16. Bg3 Nd7 17. a3 Bd6 18. f3 b5 19. Na2 Bc7 20. Nab4 Nab8 21.
Nxe5 Nxe5 22. Rxd8 Bxd8 23. Bxe5 Ba5 24. Bd6+ Kf6 25. Bxb8 Bxb4 26. Rd8 Rxb8
27. Rxb8 Bd6 28. Rh8 Kg7 29. Rc8 Bxh2 30. Rxc6 Kf6 31. Rc5 a6 32. Kd2 h5 33.
Rc6 Bg1 34. Rxa6 Ke5 35. Ra5 Kf4 36. Rxb5 h4 37. Ke2 Be3 38. Rxg5 1-0

[Event "Ì13Â"]
[Site "Loo"]
[Date "2017.04.27"]
[Round "8.20"]
[White "Ïàíüêîâ, Äàíèèë."]
[Black "Òèòîâ, Àëåêñàíäð."]
[Result "1/2-1/2"]
[WhiteElo "1764"]
[BlackElo "1704"]
[PlyCount "83"]
[EventDate "2017.04.20"]

1. e4 e6 2. d4 d5 3. Nd2 dxe4 4. Nxe4 Nf6 5. Nxf6+ Qxf6 6. Nf3 h6 7. Bd3 Bd6 8.
Be3 b6 9. Be4 c6 10. Qe2 O-O 11. O-O Bb7 12. c3 Nd7 13. Nd2 Qe7 14. g3 Nf6 15.
Bg2 c5 16. Nc4 Bxg2 17. Kxg2 cxd4 18. Bxd4 Bc5 19. Rad1 Rfd8 20. Bxc5 Qxc5 21.
Ne3 Nd5 22. Nxd5 Rxd5 23. Rxd5 Qxd5+ 24. Qf3 Rd8 25. Qxd5 Rxd5 26. f3 Kh7 27.
Rf2 g5 28. Re2 Kg6 29. Kf2 b5 30. Ke3 Kf6 31. Rd2 Re5+ 32. Kf2 Ke7 33. g4 a5
34. Rd3 Rc5 35. b3 Re5 36. Re3 Rc5 37. Rd3 Re5 38. h3 Rc5 39. Ke2 f6 40. Kd2 f5
41. Ke3 f4+ 42. Kd2 1/2-1/2

[Event "Ì13Â"]
[Site "Loo"]
[Date "2017.04.27"]
[Round "8.21"]
[White "Âàñèëüåâ, Àëåêñåé."]
[Black "Ìîðîçîâ, Ãåííàäèé."]
[Result "1-0"]
[WhiteElo "1861"]
[BlackElo "1738"]
[PlyCount "83"]
[EventDate "2017.04.20"]

1. e4 e6 2. d3 d5 3. Nd2 c5 4. Ngf3 Nf6 5. g3 Nc6 6. Bg2 Be7 7. O-O b6 8. Re1
Bb7 9. e5 Nd7 10. Nf1 Qc7 11. Bf4 h6 12. h4 O-O-O 13. Ne3 Rdg8 14. h5 g5 15.
hxg6 fxg6 16. g4 g5 17. Bg3 Nf8 18. c4 d4 19. Nd5 Qd7 20. Nf6 Bxf6 21. exf6 Ng6
22. Qe2 Re8 23. Nd2 Rhf8 24. Ne4 e5 25. Qf3 Nf4 26. Bxf4 exf4 27. b4 Ne5 28.
Nd6+ Qxd6 29. Qxb7+ Kd8 30. bxc5 Qxc5 31. Qb8+ Kd7 32. Qxa7+ Qc7 33. Qa4+ Kd8
34. Re4 Rxf6 35. Rxd4+ Ke7 36. Re4 b5 37. Qxb5 Kf8 38. Rae1 Rfe6 39. d4 f3 40.
Rxe5 Rxe5 41. Rxe5 Rxe5 42. Qxe5 1-0

[Event "Ì13Â"]
[Site "Loo"]
[Date "2017.04.27"]
[Round "8.22"]
[White "Òðîôèìîâ, Èâàí."]
[Black "Òåðçÿí, Íàçàð."]
[Result "1-0"]
[WhiteElo "1826"]
[BlackElo "1715"]
[PlyCount "71"]
[EventDate "2017.04.20"]

1. e4 c5 2. Nf3 Nc6 3. d4 cxd4 4. Nxd4 g6 5. c4 Nf6 6. Nc3 Nxd4 7. Qxd4 d6 8.
Be2 Bg7 9. O-O O-O 10. Qd1 Be6 11. Be3 Qc8 12. b3 Bd7 13. Rc1 Bc6 14. f3 Qd7
15. Qd2 Rfd8 16. Rfd1 Qe8 17. Qc2 Qf8 18. Qd2 h5 19. Bf1 Kh7 20. Ne2 Bh6 21.
Nf4 e5 22. Nd3 Bxe3+ 23. Qxe3 Qh6 24. Qxh6+ Kxh6 25. c5 Ne8 26. cxd6 f6 27. Nb4
Rac8 28. d7 Rxd7 29. Rxc6 Rxd1 30. Rxc8 Nd6 31. Rd8 Kg5 32. Rd7 f5 33. exf5
gxf5 34. Nd3 Nb5 35. Nxe5 Nd4 36. Rxb7 1-0

[Event "Ì13Â"]
[Site "Loo"]
[Date "2017.04.27"]
[Round "8.23"]
[White "Ñìèðíîâ, Ìàðê."]
[Black "Êó÷åðîâ, Ìàòâåé."]
[Result "1/2-1/2"]
[WhiteElo "1786"]
[BlackElo "1709"]
[PlyCount "73"]
[EventDate "2017.04.20"]

1. d4 d5 2. c4 e6 3. Nc3 f5 4. e3 c6 5. Bd3 Nf6 6. Nge2 Bd6 7. f3 O-O 8. O-O
Kh8 9. e4 fxe4 10. fxe4 dxc4 11. Bxc4 e5 12. dxe5 Bc5+ 13. Kh1 Ng4 14. Qxd8
Rxd8 15. Bg5 Re8 16. h3 Nxe5 17. Bb3 Na6 18. Rad1 Be6 19. Bxe6 Rxe6 20. Na4 h6
21. Nxc5 Nxc5 22. Bf4 Ng6 23. e5 Rae8 24. b4 Na6 25. a3 Nc7 26. Nd4 Nxf4 27.
Nxe6 Nfxe6 28. Rd7 Kg8 29. Rff7 Rf8 30. Rfe7 Rc8 31. Kh2 Kf8 32. Rf7+ Kg8 33.
Rfe7 Kf8 34. Rf7+ Kg8 35. Rfe7 Kf8 36. Rf7+ Kg8 37. Rfe7 1/2-1/2

[Event "Ì13Â"]
[Site "Loo"]
[Date "2017.04.27"]
[Round "8.24"]
[White "Äàí÷åíêî, Àðòåìèé."]
[Black "Áàçûðöûðåíîâ, Êèðèëë."]
[Result "1/2-1/2"]
[WhiteElo "1888"]
[BlackElo "1831"]
[PlyCount "94"]
[EventDate "2017.04.20"]

1. e4 c5 2. Nf3 Nc6 3. d4 cxd4 4. Nxd4 Nf6 5. Nc3 e5 6. Ndb5 d6 7. Bg5 a6 8.
Na3 b5 9. Bxf6 gxf6 10. Nd5 f5 11. g3 Bg7 12. Bg2 O-O 13. exf5 Bxf5 14. Ne3 Ne7
15. Nxf5 Nxf5 16. O-O Rc8 17. c3 Ne7 18. Bb7 Qb6 19. Bxc8 Rxc8 20. Nc2 d5 21.
Nb4 Qe6 22. Re1 a5 23. Nd3 f5 24. Qb3 Rb8 25. Rad1 Qd6 26. Re2 Kh8 27. Ne1 Qg6
28. Nd3 Qh5 29. Rde1 e4 30. Nf4 Qf7 31. Rd1 a4 32. Qb4 Be5 33. Ng2 Rg8 34. Kf1
f4 35. Nxf4 Bxf4 36. Qd4+ Rg7 37. gxf4 Qxf4 38. Qe3 Qxh2 39. Ke1 Nf5 40. Qc5
Qf4 41. Qf8+ Rg8 42. Rxd5 h5 43. Qf6+ Rg7 44. Qe5 Qc1+ 45. Rd1 Qg5 46. Rd5 Qc1+
47. Rd1 Qg5 1/2-1/2